000 00841nas a2200277 4500
001 BR2012004479
003 BR-BrBNA
005 20231205120738.0
007 ta
008 230509b bl.|||p| |||| 00| 00por d
040 _aBR-BrBNA
_bpor
_cBiblioteca Nacional de Agricultura
041 _a(Pt)
072 _aS01; E73; Q03
100 1 _aGaino, N.M.
100 1 _aAmancio, R.D.
100 1 _aOetterer, M.
100 1 _aSilva, M.V. da
245 1 _aDisponibilidade domiciliar de alimentos industrializados no Brasil
650 _aNUTRIÇÃO HUMANA
650 _aHÁBITO ALIMENTAR
650 _aABASTECIMENTO
650 _aSEGURANÇA ALIMENTAR
773 0 _tHigiene Alimentar (Brazil)
_xISSN 0101-9171
_g(Mar-Apr 2012), v. 26(206-207) p. 55-63
_wBR2012004479
909 _a202311
_bLúcia
_c55
_dLúcia Elande
942 _2AGRIS
_n0
_cANA
999 _c220087
_d220087